[Event "Moscow op-A 20th"]
[Site "Moscow"]
[Date "2024.07.18"]
[Round "4"]
[White "Zakaryan, David"]
[Black "Teplov, Evgeniy"]
[Result "1/2-1/2"]
[WhiteElo "2273"]
[BlackElo "2035"]
[PlyCount "62"]
[EventDate "2024.07.16"]
[EventType "swiss"]
[EventRounds "9"]
[EventCountry "RUS"]
[SourceTitle "CBM 221 Extra"]
[Source "ChessBase"]
[SourceDate "2024.09.30"]
[SourceVersion "1"]
[SourceVersionDate "2024.09.30"]
[SourceQuality "1"]

1. e4 Nf6 2. e5 Nd5 3. d4 d6 4. c4 Nb6 5. f4 dxe5 6. fxe5 Bf5 7. Nc3 e6 8. Nf3 Nc6 9. Be3 Be7 10. Be2 0-0 11. 0-0 f6 12. exf6 Bxf6 13. Qd2 Qe7 14. Rad1 Rad8 15. Qe1 h6 16. Qg3 Qb4 17. Bxh6 Qxb2 18. d5 Bxc3 19. dxc6 Qxe2 20. Nd4 Qg4 21. Nxf5 Qxg3 22. Rxd8 Rxd8 23. Ne7+ Kh7 24. hxg3 Kxh6 25. cxb7 Rb8 26. Nc6 Rxb7 27. Rb1 e5 28. Kf1 Bd4 29. a4 a5 30. Rb5 Kg6 31. c5 Kf6 1/2-1/2